000 01287cam a2200349 i 4500
001 10468
003 Mx-PuUPA
005 20220222094118.0
008 140415s1987 sp a gre 001 0 spa d
017 _aM. 6.105-1961
020 _a842395224X
_qtomo 24
040 _aMx-PuUPA
_bspa
_cMx-PuUPA
_dMx-PuUPA
_erda
041 0 _aspa
100 1 _aCamón Aznar, José
_eautor
_d1898-1979
_912087
245 1 3 _aLa pintura española del siglo XVI /
_cpor José Camón Aznar
250 _aCuarta edición
264 1 _aMadrid :
_bEspasa-Calpe,
_c1987
_c©1970
300 _a664 páginas, xxxiv hojas :
_bilustraciones, láminas (algunas a color) ;
_c28 cm
336 _2rdacontent
_atexto
_btxt
336 _2rdacontent
_aimagen fija
_bsti
337 _2rdamedia
_asin medio
_bn
338 _2rdacarrier
_avolumen
_bnc
490 1 _aSumma artis, historia general del arte ;
_v24
650 7 _aArte
_xHistoria
_2armarc
655 7 _2armarc
_aEnciclopedias
785 0 0 _aCamón Aznar, José,
_bQuinta edición
_dMadrid : Espasa-Calpe, 1989
_tLa pintura española del isglo XVII
_w(Mx-PuUPA) 10470
_z8423952258
830 0 _912114
_aSumma artis, historia general del arte
_v24
942 _2ddc
_cLI
_h709
_iS955
999 _c10468
_d10468